00345nam a2200145Ia 45000030006000000080041000060400015000471000020000622450022000822500006001042600052001103000006001625460014001680050017001820STCL150530s9999 xx 000 0 und d aSTCLcSTCL aNooranad Haneef aAdimakalude Adima a1 bSahithya Pravarthaka Co Operative Societyc1986 a0 aMalayalam20220125171332.0